| 000 | 00484 a2200181 4500 | ||
|---|---|---|---|
| 999 |
_c4344 _d4344 |
||
| 020 | _a9780582434479 | ||
| 050 | _aPR6029 ORW 2000 | ||
| 100 |
_aOrwell, George _eauthor |
||
| 245 |
_aAnimal Farm / _cGeorge Orwell |
||
| 264 |
_aHarlow _bLongman _c2000 |
||
| 300 | _a134p. : | ||
| 440 | _aNew Longman Literature | ||
| 500 | _aNovel | ||
| 650 | _aDomestic animals -- Fiction. | ||
| 650 | _aTotalitarianism -- Fiction. | ||
| 650 | _aDomestic animals. | ||
| 942 |
_2lcc _cBK _h6029 _iORW _kPR |
||